| 000 | 01971nam0a2200409 4500 | ||
|---|---|---|---|
| 001 | RU\NLR\BIBL_A\022057211 | ||
| 005 | 20231211122630.0 | ||
| 010 |
_a978-5-4396-2569-7 _93000 |
||
| 021 |
_aRU _bКН-П-23-059738 _9КН-П-23-6040 |
||
| 035 | _a(NLR Aleph) 022057211 | ||
| 035 | _a(RuMoRGB)012137771 | ||
| 090 |
_a12616028 _c12616028 |
||
| 100 | _a20231023d2023 k y0rusy50 ca | ||
| 101 | 0 | _arus | |
| 102 | _aRU | ||
| 105 | _aa z 000zy | ||
| 181 | 0 |
_ai3 _baxxe |
|
| 182 | 0 | _an | |
| 200 | 1 |
_aКритика уголовно-правовой онтологии _eмонография _fД. В. Мирошниченко _gпод редакцией доктора юридических наук, профессора Б. Т. Разгильдиева |
|
| 203 |
_aТекст _bвизуальный _cнепосредственный |
||
| 210 |
_aМосква _cЮрлитинформ _d2023 |
||
| 215 |
_a396, [1] с. _cил. _d21 |
||
| 225 | 1 | _aУголовное право | |
| 300 | _aНа обороте тит. с. авт.: Мирошниченко Д. В. - канд. юрид. наук, доц. | ||
| 320 | _aБиблиогр.: с. 372-395 и в подстроч. примеч. | ||
| 606 | 1 |
_aПреступления _xОбщественная опасность _92270342 _3RU\NLR\AUTH\661360796 |
|
| 606 | 1 |
_aУголовное право _xФилософские вопросы _92368424 _3RU\NLR\AUTH\661413805 |
|
| 610 | 0 | _aобщественная опасность деяния | |
| 610 | 0 | _aобщественно опасная личность | |
| 686 | 1 | _aХ628.101.4 | |
| 686 | 1 |
_aЮ252 _bХ |
|
| 700 | 1 |
_aМирошниченко _bД. В. _f1984- _gДаниил Викторович |
|
| 856 | 4 |
_qapplication/pdf _s[401] с. _uhttp://dlib.rsl.ru/rsl01012000000/rsl01012137000/rsl01012137771/rsl01012137771.pdf _yЧитать |
|
| 942 | _cBOOK | ||
| 980 | _aNB | ||